[Event "28. Friedensfest-Open (AFRO-A)"]
[Site "Augsburg"]
[Date "2023.08.03"]
[Round "1.28"]
[White "Portnov, Dmytro"]
[Black "Kühn, Marvin"]
[Result "1-0"]
[WhiteElo "1818"]
[BlackElo "1669"]
[EventDate "2023.08.03"]
[Time "09:30:00"]
[WhiteTeam "SC Weisse Dame Ulm e.V."]
[BlackTeam "SK Graefelfing"]

1.d4 g6 2.e4 Bg7 3.c3 c5 4.Nf3 cxd4 5.cxd4 Nc6 6.Nc3 d6 7.h3 a6 8.Bc4 e6 
9.d5 Na5 10.dxe6 fxe6 11.Bd3 Ne7 12.O-O O-O 13.Bg5 b6 14.Qe2 Bb7 15.Rfd1 
Qd7 16.Rd2 Rfc8 17.Rad1 Bxc3 18.bxc3 Rxc3 19.Bf6 Rcc8 20.Qe3 Rf8 21.Ba1 
Nc8 22.Qd4 e5 23.Nxe5 Qe6 24.Ng4 h5 25.Qg7# 1-0

[Event "28. Friedensfest-Open (AFRO-A)"]
[Site "Augsburg"]
[Date "2023.08.04"]
[Round "3.8"]
[White "Bilchinski, Anton"]
[Black "Knoll, Georg"]
[Result "1-0"]
[WhiteElo "2245"]
[BlackElo "1958"]
[EventDate "2023.08.03"]
[Time "09:30:00"]
[WhiteTeam "SC Eppingen"]
[BlackTeam "VfL Leipheim 1898"]

1.d4 g6 2.c4 Bg7 3.e4 c5 4.Nf3 cxd4 5.Nxd4 Nc6 6.Be3 Nf6 7.Nc3 d6 8.Be2 
Bd7 9.O-O O-O 10.Rb1 a6 11.f3 Rc8 12.Nxc6 Rxc6 13.Qd2 Be6 14.b3 Nd7 15.Nd5
Bxd5 16.exd5 Rc8 17.Rfc1 a5 18.a3 Qc7 19.Bf1 b6 20.Qf2 Rb8 21.f4 e5 22.f5 
e4 23.Be2 Rbe8 24.Rf1 Be5 25.Qh4 Qd8 26.Qh3 g5 27.Qg4 h6 28.h4 Bf6 29.hxg5
hxg5 30.Kf2 Ne5 31.Qxe4 Nxc4 32.Qxc4 Rxe3 33.Kxe3 Re8+ 34.Kd2 Qe7 35.Qd3 
Be5 36.f6 Bxf6 37.Bh5 Qe5 38.Rf5 Qh2 39.Qh3 1-0

[Event "28. Friedensfest-Open (AFRO-A)"]
[Site "Augsburg"]
[Date "2023.08.06"]
[Round "7.17"]
[White "Kuhn, Hubert"]
[Black "Kelemen, Alexander"]
[Result "1/2-1/2"]
[WhiteElo "1989"]
[BlackElo "1822"]
[EventDate "2023.08.03"]
[Time "09:30:00"]
[WhiteTeam "MSA Zugzwang 82 e.V."]
[BlackTeam "SC Bad Salzdetfurth"]

1.d4 Nf6 2.Nc3 d5 3.Bf4 e6 4.Nb5 Bb4+ 5.c3 Ba5 6.e3 a6 7.Na3 O-O 8.Bd3 
Nbd7 9.b4 Bb6 10.Nf3 a5 11.Qb3 c6 12.O-O Bc7 13.Rfe1 Re8 14.Nb1 e5 15.dxe5
Nxe5 16.Nxe5 Bxe5 17.Nd2 axb4 18.Qxb4 1/2-1/2

[Event "28. Friedensfest-Open (AFRO-A)"]
[Site "Augsburg"]
[Date "2023.08.05"]
[Round "6.21"]
[White "Hofbauer, Bernhard"]
[Black "Schuetze, Jonas"]
[Result "1/2-1/2"]
[WhiteElo "1954"]
[BlackElo "1821"]
[EventDate "2023.08.03"]
[Time "15:30:00"]
[WhiteTeam "SK Tarrasch 1945 Muenchen"]
[BlackTeam "Schachfreunde Augsburg"]

1.d4 Nf6 2.Bf4 c5 3.dxc5 Qa5+ 4.Qd2 Qxc5 5.Nc3 d6 6.e3 Bd7 7.Nf3 g6 8.Be2 
Bg7 9.O-O O-O 10.h3 Qc8 11.Rad1 a6 12.e4 Nc6 13.Kh2 Re8 14.Rfe1 b5 15.a3 
Rb8 16.e5 dxe5 17.Nxe5 Nxe5 18.Bxe5 Rb7 19.Bf3 Bc6 20.Bxc6 Qxc6 21.Nd5 
1/2-1/2

[Event "28. Friedensfest-Open (AFRO-A)"]
[Site "Augsburg"]
[Date "2023.08.06"]
[Round "7.8"]
[White "Baur, Frank"]
[Black "Goettler, Raphael"]
[Result "1-0"]
[WhiteElo "2042"]
[BlackElo "1689"]
[EventDate "2023.08.03"]
[Time "09:30:00"]
[WhiteTeam "SF Mengen"]
[BlackTeam "Schachfreunde Augsburg"]

1.d4 Nf6 2.Nc3 e6 3.Bf4 a6 4.e4 d5 5.Bd3 c5 6.dxc5 Bxc5 7.Nf3 dxe4 8.Nxe4 
Nxe4 9.Bxe4 Qb6 10.O-O O-O 11.Bxh7+ Kxh7 12.Ng5+ Kg6 13.Qg4 f5 14.Qg3 Rg8 
15.Bc7 f4 16.Qd3+ Kxg5 17.Bxb6 Bxb6 18.Qh7 Rd8 19.Qxg7+ Kf5 20.Qf7+ Kg5 
21.h4+ 1-0

[Event "28. Friedensfest-Open (AFRO-A)"]
[Site "Augsburg"]
[Date "2023.08.03"]
[Round "1.9"]
[White "Jussim, Maxim"]
[Black "Birth, Waldemar"]
[Result "1-0"]
[WhiteElo "2098"]
[BlackElo "1937"]
[EventDate "2023.08.03"]
[Time "09:30:00"]
[WhiteTeam "Schachfreunde Augsburg"]
[BlackTeam "Schachklub Rochade Augsburg"]

1.d4 Nf6 2.Bf4 e6 3.e3 d5 4.Nd2 c5 5.c3 Nc6 6.Bd3 h6 7.Ngf3 Bd6 8.Bg3 a6 
9.Ne5 Qc7 10.f4 c4 11.Bc2 b5 12.O-O O-O 13.Bh4 Be7 14.Bxf6 Bxf6 15.Qh5 
Nxe5 16.dxe5 Bd8 17.Nf3 Qd7 18.g4 f5 19.exf6 Rxf6 20.Ne5 Qe7 21.g5 Rf5 22.
Bxf5 exf5 23.gxh6 1-0

[Event "28. Friedensfest-Open (AFRO-A)"]
[Site "Augsburg"]
[Date "2023.08.03"]
[Round "2.23"]
[White "Sowka, Patrick"]
[Black "Krien, Hartmut"]
[Result "1-0"]
[WhiteElo "1737"]
[BlackElo "1948"]
[EventDate "2023.08.03"]
[Time "15:30:00"]
[WhiteTeam "FC Ergolding 1932 e.V."]
[BlackTeam "Schachklub Heidenau"]

1.d4 Nf6 2.Nc3 g6 3.e4 d5 4.e5 Ne4 5.Nxe4 dxe4 6.Bc4 Nc6 7.c3 f5 8.b4 e6 
9.a4 Qe7 10.h4 Bd7 11.Ne2 Qf7 12.Qb3 O-O-O 13.d5 exd5 14.Bxd5 Qg7 15.e6 
Be8 16.Be3 Ne5 17.Nf4 Bxb4 18.Qxb4 Rxd5 19.Rb1 c6 20.O-O a5 21.Qb6 Nc4 22.
Qa7 Nxe3 23.Qa8+ Kc7 24.Qxb7+ Kd6 25.Qxg7 Nxf1 26.Qxh8 Nd2 27.Nxd5 Nxb1 
28.Qxe8 cxd5 29.Qd7+ 1-0

[Event "28. Friedensfest-Open (AFRO-A)"]
[Site "Augsburg"]
[Date "2023.08.05"]
[Round "5.15"]
[White "Haller, Quentin"]
[Black "Berlizov, Wladislaw"]
[Result "0-1"]
[WhiteElo "2042"]
[BlackElo "1873"]
[EventDate "2023.08.03"]
[Time "09:30:00"]
[WhiteTeam "?"]
[BlackTeam "SC 1947 Beilngries"]

1.d4 Nf6 2.Bf4 e6 3.e3 b6 4.Nf3 Bb7 5.h3 Bb4+ 6.c3 Be7 7.Nbd2 O-O 8.Bd3 d5
9.Qc2 Nbd7 10.O-O c5 11.Rfe1 Rc8 12.Bh2 h6 13.Rad1 a5 14.Qb1 c4 15.Bc2 b5 
16.e4 dxe4 17.Nxe4 Nb6 18.Ne5 Nbd5 19.Qc1 b4 20.Qd2 Qb6 21.f3 Rfd8 22.Kh1 
Ba8 23.Rb1 Qa6 24.Bd1 Qb5 25.Qc2 Nb6 26.Be2 Nfd5 27.b3 Qe8 28.bxc4 Ne3 29.
Qc1 Nexc4 30.Nxc4 Nxc4 31.cxb4 Bxe4 32.fxe4 Bxb4 33.Rd1 Na3 34.Qb2 Nxb1 
35.Qxb1 Bc3 36.Bg1 Qa4 37.d5 Qb4 38.Qd3 Be5 39.Bf3 exd5 40.exd5 Qf4 41.Qb5
Rc1 42.Qxa5 Bc7 43.Qb5 Rb8 44.Qd3 Bd6 45.a4 Re8 46.Qf1 Rxd1 47.Qxd1 Rc8 
48.Qe2 Kf8 49.a5 Rc1 50.Qf2 Qh2# 0-1

[Event "28. Friedensfest-Open (AFRO-A)"]
[Site "Augsburg"]
[Date "2023.08.04"]
[Round "4.9"]
[White "Baur, Frank"]
[Black "Bossinger, Patrick"]
[Result "1-0"]
[WhiteElo "2042"]
[BlackElo "2003"]
[EventDate "2023.08.03"]
[Time "15:30:00"]
[WhiteTeam "SF Mengen"]
[BlackTeam "SV Jedesheim 1921"]

1.d4 Nf6 2.Nc3 d5 3.Bf4 g6 4.e3 Bg7 5.Nb5 Na6 6.Nc3 Nb8 7.Nb5 Na6 8.h3 c6 
9.Nc3 Nc7 10.Nf3 O-O 11.Be2 Nce8 12.O-O Nd6 13.a4 a5 14.Re1 b6 15.Ne5 Bb7 
16.Bf3 Rc8 17.Qd3 Re8 18.Rad1 Nd7 19.b3 Nf6 20.g4 Nd7 21.e4 dxe4 22.Nxe4 
Nxe4 23.Qxe4 Nf6 24.Qe2 Nd5 25.Bd2 e6 26.c4 Ba6 27.Qe4 f5 28.Qc2 Ne7 29.
Bc3 Bb7 30.Qe2 Rc7 31.Nd3 Bc8 32.Nf4 Qd6 33.Nxe6 Bxe6 34.Qxe6+ Qxe6 35.
Rxe6 Kf7 36.gxf5 gxf5 37.Bh5+ Kxe6 38.Bxe8 Nc8 39.Bxc6 Rxc6 40.d5+ Kf7 41.
dxc6 Bxc3 42.Rd8 Ne7 43.c7 Be5 44.Rd7 Bxc7 45.Rxc7 Ke6 46.Rb7 1-0

[Event "28. Friedensfest-Open (AFRO-A)"]
[Site "Augsburg"]
[Date "2023.08.05"]
[Round "6.17"]
[White "Baur, Volker, Dr."]
[Black "Seisenberger, Georg"]
[Result "1-0"]
[WhiteElo "1883"]
[BlackElo "2057"]
[EventDate "2023.08.03"]
[Time "15:30:00"]
[WhiteTeam "SF Mengen"]
[BlackTeam "SV Ilmmuenster"]

1.d4 Nf6 2.Nc3 d5 3.Bf4 a6 4.e3 e6 5.g4 Bd6 6.Qf3 Qe7 7.g5 Nfd7 8.Qg3 Nb6 
9.Bxd6 Qxd6 10.Qxd6 cxd6 11.a4 Bd7 12.a5 Nc8 13.Bg2 Nc6 14.Nge2 O-O 15.O-O
N8e7 16.Rfd1 Nf5 17.e4 dxe4 18.Nxe4 Nce7 19.d5 exd5 20.N4c3 Bc6 21.Nxd5 
Nxd5 22.Bxd5 Rfe8 23.Ng3 Nxg3 24.hxg3 Rad8 25.Ra3 Re5 26.Rad3 Rxd5 27.Rxd5
Bxd5 28.Rxd5 Kf8 29.b4 Ke7 30.c3 Rc8 31.Rd3 Kd7 32.f4 Re8 33.Kf2 Kc6 34.
Re3 Rxe3 35.Kxe3 Kb5 36.Kd4 Ka4 37.Kc4 Ka3 38.Kd4 Kb3 39.Kd3 Kb2 40.Kd4 
Kb3 41.g4 h6 42.gxh6 gxh6 43.g5 h5 44.f5 h4 45.Ke3 Kxc3 46.g6 fxg6 47.fxg6
d5 48.g7 d4+ 49.Ke2 Kc2 50.g8=Q d3+ 51.Ke3 d2 52.Qa2+ 1-0

[Event "28. Friedensfest-Open (AFRO-A)"]
[Site "Augsburg"]
[Date "2023.08.04"]
[Round "3.16"]
[White "Kuhn, Hubert"]
[Black "Goettler, Raphael"]
[Result "1/2-1/2"]
[WhiteElo "1989"]
[BlackElo "1689"]
[EventDate "2023.08.03"]
[Time "09:30:00"]
[WhiteTeam "MSA Zugzwang 82 e.V."]
[BlackTeam "Schachfreunde Augsburg"]

1.d4 Nf6 2.Nc3 d5 3.Bf4 a6 4.e3 c5 5.dxc5 Qa5 6.a3 Qxc5 7.Nf3 e6 8.Bd3 Bd6
9.O-O Nbd7 10.Bxd6 Qxd6 11.e4 d4 12.Ne2 e5 13.c3 dxc3 14.Nxc3 b5 15.Qe2 
Bb7 16.Rfd1 Qe7 17.Nd5 Nxd5 18.exd5 Qd6 19.Bf5 f6 20.Nd4 g6 21.Bxd7+ Qxd7 
22.f4 Qxd5 23.fxe5 fxe5 24.Nf3 Qc5+ 25.Kh1 O-O 26.Rac1 Qe7 27.Qe3 Rf5 28.
Nd4 Qg5 29.Qxg5 Rxg5 30.Nf3 Rf5 31.Rd7 Bxf3 32.gxf3 Raf8 33.Rcc7 R8f7 34.
Rxf7 Rxf7 35.Rc6 Rxf3 36.Rxa6 Kf7 37.b4 e4 38.Kg2 Rf6 39.Ra5 Rf5 40.a4 
bxa4 41.Rxa4 Rb5 42.Kf2 Ke6 43.Ke3 Rh5 44.Ra6+ Kd7 45.Ra2 Kc6 46.Kxe4 Rh4+
47.Ke5 Rxb4 48.Ra6+ Kd7 49.Ra7+ Ke8 50.Rxh7 Rb6 1/2-1/2

[Event "28. Friedensfest-Open (AFRO-A)"]
[Site "Augsburg"]
[Date "2023.08.04"]
[Round "4.34"]
[White "Hofbauer, Bernhard"]
[Black "Stumpf, Vitali"]
[Result "1-0"]
[WhiteElo "1954"]
[BlackElo "1665"]
[EventDate "2023.08.03"]
[Time "15:30:00"]
[WhiteTeam "SK Tarrasch 1945 Muenchen"]
[BlackTeam "?"]

1.d4 Nf6 2.Bf4 d5 3.e3 a6 4.c3 Bg4 5.Nf3 e6 6.Nbd2 Bxf3 7.Nxf3 c5 8.Bd3 
cxd4 9.exd4 Bd6 10.Bg3 O-O 11.Qe2 Nc6 12.Ne5 Rc8 13.O-O b5 14.a3 Na5 15.a4
Nc4 16.axb5 axb5 17.Rfc1 Bxe5 18.dxe5 Nd7 19.b3 Na5 20.Rab1 b4 21.cxb4 
Rxc1+ 22.Rxc1 Nxb3 23.Bxh7+ Kxh7 24.Qc2+ f5 25.exf6+ g6 26.Qxb3 Nxf6 27.
Be5 Nh5 28.Rc7+ Kg8 29.b5 Qg5 30.Qe3 Qf5 31.Rc1 Nf6 32.f4 Nd7 33.Bd6 Ra8 
34.b6 Ra6 35.Bc7 Ra2 36.h3 e5 37.Bxe5 Nxe5 38.fxe5 Rb2 39.e6 Rb1 40.e7 
Rxc1+ 41.Qxc1 Kf7 42.Qf1 1-0

[Event "28. Friedensfest-Open (AFRO-A)"]
[Site "Augsburg"]
[Date "2023.08.03"]
[Round "1.2"]
[White "Kuhn, Hubert"]
[Black "Reimann, Sebastian"]
[Result "0-1"]
[WhiteElo "1989"]
[BlackElo "2265"]
[EventDate "2023.08.03"]
[Time "09:30:00"]
[WhiteTeam "MSA Zugzwang 82 e.V."]
[BlackTeam "SK Kriegshaber"]

1.d4 Nf6 2.Nc3 d5 3.Bf4 a6 4.e3 e6 5.Nf3 b5 6.Ne5 Bb4 7.Bd3 Bb7 8.g4 c5 9.
g5 Ne4 10.Bxe4 dxe4 11.a3 Ba5 12.dxc5 Qxd1+ 13.Rxd1 Bxc3+ 14.bxc3 Bd5 15.
c4 bxc4 16.Kd2 f6 17.gxf6 gxf6 18.Ng4 Nd7 19.Bd6 h5 20.Rhg1 hxg4 21.Rxg4 
O-O-O 22.Rg7 Kb7 23.Be7 Rdg8 24.Bxf6 Rxg7 25.Bxg7 Rh7 26.Bd4 Kc6 27.h4 Rh5
28.Ke2 e5 29.Bc3 Nxc5 30.Kf1 Na4 31.Bb4 Be6 32.f3 exf3 33.e4 a5 34.Bxa5 
Nc5 35.Kf2 Nxe4+ 36.Kxf3 Bd5 37.Ke3 Ng3 38.Rb1 Rxh4 39.Rb6+ Kd7 40.Bb4 
Nf5+ 41.Kd2 Rh2+ 42.Kc1 Be4 43.c3 Rc2+ 44.Kd1 Ne3+ 45.Ke1 Bf3 46.Rd6+ Kc8 
47.Rd2 Ng2+ 0-1

[Event "28. Friedensfest-Open (AFRO-A)"]
[Site "Augsburg"]
[Date "2023.08.04"]
[Round "3.9"]
[White "Stork, Simon"]
[Black "Birth, Waldemar"]
[Result "1-0"]
[WhiteElo "2080"]
[BlackElo "1937"]
[EventDate "2023.08.03"]
[Time "09:30:00"]
[WhiteTeam "TSV Langenau"]
[BlackTeam "Schachklub Rochade Augsburg"]

1.d4 Nf6 2.c4 d5 3.cxd5 Nxd5 4.Nf3 e6 5.e4 Bb4+ 6.Nbd2 Nf6 7.Qc2 O-O 8.Bd3
h6 9.O-O Nc6 10.e5 Nd5 11.Ne4 Be7 12.a3 a6 13.Rd1 f5 14.exf6 Nxf6 15.Ng3 
Nd5 16.Be4 Bd6 17.b4 Nce7 18.Bb2 c6 19.Ne5 a5 20.bxa5 Qxa5 21.Nc4 Qc7 22.
Qb3 Bf4 23.a4 Bd7 24.a5 Rf7 25.Ba3 Raf8 26.Ra2 Bc8 27.Bb1 Rd8 28.Re1 Nf6 
29.Bc5 Ned5 30.Nf1 Nd7 31.Ba3 c5 32.Rc2 cxd4 33.Ne5 Qxa5 34.Nxf7 Qxe1 35.
Nxd8 Ne3 36.Qxe6+ Kh8 37.Qe8+ Kh7 38.Rc1+ 1-0

[Event "28. Friedensfest-Open (AFRO-A)"]
[Site "Augsburg"]
[Date "2023.08.06"]
[Round "7.10"]
[White "Vuong, Anh-Tu"]
[Black "Bilandzic, Ante"]
[Result "1-0"]
[WhiteElo "2031"]
[BlackElo "1847"]
[EventDate "2023.08.03"]
[Time "09:30:00"]
[WhiteTeam "TSV Landsberg"]
[BlackTeam "FC Bayern Muenchen e.V."]

1.d4 Nf6 2.c4 e5 3.dxe5 Ng4 4.Bf4 Bb4+ 5.Nc3 Bxc3+ 6.bxc3 Nc6 7.Nf3 Qe7 8.
Qd5 f6 9.exf6 Nxf6 10.Qd3 d6 11.g3 O-O 12.Bg2 Bg4 13.O-O Rae8 14.Rfe1 Kh8 
15.Rab1 Nd7 16.Nd4 Na5 17.h3 Nc5 18.Qc2 Bc8 19.Nb3 Nxc4 20.Nxc5 dxc5 21.
Qa4 Qf7 22.Bf3 Bd7 23.Qxa7 g5 24.Bxg5 Rxe2 25.Bf4 Rxe1+ 26.Rxe1 Bxh3 27.
Qxc5 Rd8 28.Re7 b6 29.Qxc7 1-0

[Event "28. Friedensfest-Open (AFRO-A)"]
[Site "Augsburg"]
[Date "2023.08.05"]
[Round "6.28"]
[White "Knoll, Georg"]
[Black "Schrimpf Michael"]
[Result "0-1"]
[WhiteElo "1958"]
[BlackElo "1782"]
[EventDate "2023.08.03"]
[Time "15:30:00"]
[WhiteTeam "VfL Leipheim 1898"]
[BlackTeam "KJSV Wien"]

1.d4 Nf6 2.c4 e5 3.dxe5 Ng4 4.Nf3 Bc5 5.e3 Nc6 6.Nbd2 O-O 7.a3 a5 8.Be2 
Re8 9.Ne4 Bf8 10.e6 dxe6 11.O-O Nge5 12.Nxe5 Nxe5 13.Qd4 Nc6 14.Qc3 Qe7 
15.b3 b6 16.Bb2 Bb7 17.Ng3 Red8 18.Rad1 Rd7 19.Rxd7 Qxd7 20.Rd1 Qe7 21.Nh5
f6 22.Bf3 Rd8 23.Rxd8 Nxd8 24.e4 e5 25.Ng3 g6 26.h4 Ne6 27.Bg4 Nd4 28.Qd3 
c5 29.h5 Qd6 30.Bc1 Qc6 31.f3 a4 32.Be3 axb3 33.Bxd4 cxd4 34.Qxb3 Ba6 35.
c5+ Kg7 36.cxb6 Bc5 37.b7 Bxb7 38.Be6 Qb6 39.Qxb6 Bxb6 40.Kf1 Ba6+ 41.Ke1 
Bc5 42.a4 Bb4+ 43.Kd1 gxh5 44.Nxh5+ Kg6 45.Ng3 Kg5 46.Ne2 d3 47.Nc1 Kf4 
48.Na2 Ba5 49.Nc1 Ke3 50.Nb3 Bb4 51.Bd7 Bc4 0-1

[Event "28. Friedensfest-Open (AFRO-A)"]
[Site "Augsburg"]
[Date "2023.08.03"]
[Round "1.11"]
[White "Stork, Simon"]
[Black "Lachmayer, Manfred"]
[Result "1-0"]
[WhiteElo "2080"]
[BlackElo "1920"]
[EventDate "2023.08.03"]
[Time "09:30:00"]
[WhiteTeam "TSV Langenau"]
[BlackTeam "TSV Langenau"]

1.d4 Nf6 2.c4 c6 3.Nf3 d6 4.g3 Qc7 5.Bg2 Bg4 6.O-O e5 7.Nc3 Nbd7 8.b3 h6 
9.dxe5 dxe5 10.Qc2 g5 11.Bb2 Bg7 12.Rad1 O-O 13.Nd2 Bh5 14.Nde4 Nxe4 15.
Nxe4 Bg6 16.Qc1 f5 17.Nd6 e4 18.Bxg7 Kxg7 19.g4 fxg4 20.Nxe4 Bxe4 21.Bxe4 
Nf6 22.Qc3 Rae8 23.Bd3 Qe5 24.Qxe5 Rxe5 25.e3 b6 26.Rd2 h5 27.Bc2 Rf7 28.
Rfd1 c5 29.Rd6 h4 30.Kg2 Rfe7 31.R1d2 R7e6 32.Rxe6 Rxe6 33.Rd8 Re8 34.Rxe8
Nxe8 35.f3 gxf3+ 36.Kxf3 Kf6 37.Kg4 Ng7 38.h3 Ne8 39.e4 Ng7 40.e5+ Kxe5 
41.Kxg5 Ne6+ 42.Kxh4 Kf4 43.Kh5 Ng5 44.h4 Nf3 45.Bd1 Nxh4 46.Kxh4 Ke3 47.
Kg3 Kd2 48.Bf3 Kc2 49.Kf4 Kb2 50.Ke3 Kxa2 51.Bd1 Kb2 52.Kd3 a6 53.Bc2 b5 
54.Bd1 Kc1 55.Bf3 Kb2 56.cxb5 axb5 57.Bd5 c4+ 58.Bxc4 1-0

[Event "28. Friedensfest-Open (AFRO-A)"]
[Site "Augsburg"]
[Date "2023.08.05"]
[Round "6.27"]
[White "Kandel, Harald"]
[Black "Komarov, Jan"]
[Result "1/2-1/2"]
[WhiteElo "1997"]
[BlackElo "1793"]
[EventDate "2023.08.03"]
[Time "15:30:00"]
[WhiteTeam "TSG Ehingen 1848 e.V."]
[BlackTeam "Schachklub Muenchen Suedost e.V."]

1.d4 Nf6 2.c4 c5 3.d5 b5 4.cxb5 a6 5.Nc3 axb5 6.Nxb5 d6 7.Nc3 Ba6 8.e4 
Bxf1 9.Kxf1 g6 10.f3 Bg7 11.Nge2 Nbd7 12.g4 O-O 13.Bf4 Qa5 14.h4 Rfb8 15.
Rb1 Ne8 16.Qc1 Ne5 17.Bxe5 Bxe5 18.h5 Nc7 19.hxg6 hxg6 20.Kg2 Nb5 21.Nxb5 
Rxb5 22.a3 Rb3 23.f4 Qb5 24.Re1 Bxb2 25.Qc2 Raxa3 26.Rf1 Bg7 27.Rxb3 Rxb3 
28.Rf2 Rb2 29.Qd1 Qc4 30.Ng3 Rxf2+ 31.Kxf2 Bd4+ 32.Kg2 Qa2+ 33.Qe2 Qxe2+ 
34.Nxe2 Be3 35.Kf3 Bd2 36.e5 Kf8 37.Ke4 Ke8 38.Kd3 Bb4 39.Kc4 Kd7 40.Nd4 
cxd4 41.Kxb4 dxe5 42.fxe5 f6 43.exf6 exf6 44.Kc4 d3 45.Kxd3 Kd6 46.Kd4 f5 
47.g5 f4 48.Ke4 f3 49.Kxf3 Kxd5 50.Kf4 Kd4 51.Kf3 Ke5 52.Kg4 Ke4 53.Kg3 
Kf5 54.Kh4 Kf4 55.Kh3 Kxg5 56.Kg3 Kf5 57.Kf3 g5 58.Kg3 g4 59.Kg2 Kf4 60.
Kf2 g3+ 61.Kg2 Kg4 62.Kg1 Kf3 63.Kf1 g2+ 64.Kg1 Kg3 1/2-1/2

[Event "28. Friedensfest-Open (AFRO-A)"]
[Site "Augsburg"]
[Date "2023.08.05"]
[Round "5.9"]
[White "Vuong, Anh-Tu"]
[Black "Goettler, Raphael"]
[Result "0-1"]
[WhiteElo "2031"]
[BlackElo "1689"]
[EventDate "2023.08.03"]
[Time "09:30:00"]
[WhiteTeam "TSV Landsberg"]
[BlackTeam "Schachfreunde Augsburg"]

1.d4 Nf6 2.c4 e6 3.g3 d5 4.Bg2 dxc4 5.Nf3 a6 6.O-O b5 7.Ne5 Ra7 8.a4 Bb7 
9.axb5 Bxg2 10.Kxg2 Qd5+ 11.Kg1 Qxb5 12.Qa4 c6 13.Nc3 Qxa4 14.Rxa4 c5 15.
dxc5 Bxc5 16.Rxc4 Rc7 17.Be3 Bd6 18.Bb6 Rxc4 19.Nxc4 Bb4 20.Rd1 O-O 21.Nd6
Bxc3 22.bxc3 Nd5 23.Bd4 Rd8 24.Nb7 Rc8 25.e4 Ne7 26.Nd6 Rd8 27.Bb6 Rd7 28.
c4 Nc8 29.c5 Rxd6 30.Rxd6 Nxd6 31.cxd6 Nd7 32.Ba5 e5 33.f4 f6 34.Kf2 Kf7 
35.f5 Ke8 36.Ke3 Nc5 37.Bb4 Nb7 38.Kd3 Kd7 39.Kc4 Nxd6+ 40.Kd5 Nb5 41.h4 
h5 42.Kc4 Kc6 43.Bf8 Nd6+ 44.Kd3 Ne8 45.Kc4 a5 46.Kb3 Nd6 47.Bxg7 Nxe4 48.
Kc4 Nd6+ 49.Kd3 e4+ 50.Kc3 a4 51.Bxf6 e3 52.Kd3 Nxf5 53.Ke2 Kd5 54.g4 hxg4
55.h5 Ke4 0-1

[Event "28. Friedensfest-Open (AFRO-A)"]
[Site "Augsburg"]
[Date "2023.08.04"]
[Round "4.20"]
[White "Kandel, Harald"]
[Black "Ganslmayer, Anton, Dr."]
[Result "1/2-1/2"]
[WhiteElo "1997"]
[BlackElo "1856"]
[EventDate "2023.08.03"]
[Time "15:30:00"]
[WhiteTeam "TSG Ehingen 1848 e.V."]
[BlackTeam "SV Jedesheim 1921"]

1.d4 Nf6 2.c4 e6 3.Nc3 Bb4 4.Bd2 d5 5.e3 O-O 6.Nf3 b6 7.cxd5 exd5 8.Be2 
Nbd7 9.Rc1 a6 10.O-O Bb7 11.Qc2 Rc8 12.a3 Bxc3 13.Bxc3 Re8 14.b4 Ne4 15.
Rfd1 Ndf6 16.h3 Qe7 17.Be1 c5 18.bxc5 bxc5 19.dxc5 Rxc5 20.Qb2 Rcc8 21.Rd4
Rxc1 22.Qxc1 Rc8 23.Qb2 Qc7 24.Rb4 Nc5 25.Qe5 Qxe5 26.Nxe5 Rc7 27.Bc3 Nfe4
28.Bd4 f6 29.Nf3 Ne6 30.Rb6 Rc1+ 31.Kh2 Nxd4 32.Nxd4 Nc5 33.Ne6 Nxe6 34.
Rxb7 Rc2 35.Bxa6 Rxf2 36.Re7 Nc5 37.Bb7 Nxb7 38.Rxb7 Rd2 39.a4 Rd3 40.a5 
Ra3 41.Rb5 Rxe3 42.Rxd5 Ra3 43.Rb5 1/2-1/2

[Event "28. Friedensfest-Open (AFRO-A)"]
[Site "Augsburg"]
[Date "2023.08.03"]
[Round "1.25"]
[White "Rempel, Alexander sen."]
[Black "Kelemen, Alexander"]
[Result "0-1"]
[WhiteElo "1683"]
[BlackElo "1822"]
[EventDate "2023.08.03"]
[Time "09:30:00"]
[WhiteTeam "Schachfreunde Augsburg"]
[BlackTeam "SC Bad Salzdetfurth"]

1.d4 Nf6 2.c4 e6 3.Nc3 Bb4 4.Bd2 d5 5.e3 O-O 6.Nf3 b6 7.Be2 Bb7 8.O-O Nbd7
9.a3 Bxc3 10.Bxc3 Ne4 11.Rc1 Nxc3 12.Rxc3 dxc4 13.Rxc4 c5 14.h3 Bd5 15.Rc3
Nf6 16.dxc5 Ne4 17.Rd3 Nxc5 18.Rd4 Qf6 19.b4 Ne4 20.Bd3 Ng5 21.Nh2 h6 22.
Qh5 Qe5 23.Qe2 Qc7 24.h4 Nh7 25.Rd1 Nf6 26.e4 Bb3 27.Rb1 e5 28.Rxb3 exd4 
29.e5 Rfe8 30.f4 Qc1+ 31.Qf1 Qxf1+ 32.Nxf1 Nd5 33.Bb5 Red8 34.g3 Rac8 35.
Rd3 Nc3 36.Ba6 Rc7 37.Ne3 b5 38.Nf5 Rb8 39.Nd6 Rb6 40.Bc8 Rxd6 41.exd6 
Rxc8 42.Rxd4 Ne2+ 0-1

[Event "28. Friedensfest-Open (AFRO-A)"]
[Site "Augsburg"]
[Date "2023.08.05"]
[Round "5.41"]
[White "Rempel, Alexander sen."]
[Black "Stakor, Darko"]
[Result "0-1"]
[WhiteElo "1683"]
[BlackElo "1717"]
[EventDate "2023.08.03"]
[Time "09:30:00"]
[WhiteTeam "Schachfreunde Augsburg"]
[BlackTeam "SK Kriegshaber"]

1.d4 Nf6 2.c4 e6 3.Nc3 d5 4.Bg5 c6 5.e3 Nbd7 6.cxd5 exd5 7.Bd3 Be7 8.h3 
O-O 9.Nf3 Re8 10.O-O h6 11.Bh4 Ne4 12.Bxe7 Qxe7 13.Rc1 Ndf6 14.Bb1 Nd6 15.
Nh4 Nfe4 16.Nf3 Bf5 17.Re1 Qf6 18.Qe2 Nxc3 19.Rxc3 Bxb1 20.Rxb1 Re7 21.
Rcc1 Qf5 22.Re1 g5 23.Ne5 f6 24.Ng4 Qg6 25.Rbc1 Rae8 26.Qc2 Kg7 27.Qxg6+ 
Kxg6 28.Re2 h5 29.Nh2 f5 30.Rce1 f4 31.Nf3 Nf7 32.Kf1 Kf5 33.Nd2 g4 34.
hxg4+ hxg4 35.exf4 Rxe2 36.Rxe2 Rxe2 37.Kxe2 Kxf4 38.g3+ Kf5 39.b4 Nd6 40.
f3 gxf3+ 41.Kxf3 Nb5 42.Nb3 b6 43.a4 Nc3 44.a5 Na2 45.axb6 axb6 46.b5 cxb5
47.g4+ Kg5 48.Kg3 Nc3 49.Kf3 b4 50.Kg3 Ne4+ 51.Kf3 Nf6 52.Nc1 Nxg4 53.Ke2 
Kf5 54.Kd3 Nf2+ 55.Kc2 Ke4 56.Kb3 Nd3 57.Ne2 Ke3 58.Ng3 Kxd4 59.Nf5+ Kc5 
60.Ne3 b5 61.Kc2 Ne1+ 62.Kb3 d4 63.Nd1 Nf3 64.Nb2 Ne5 65.Kc2 Kd5 66.Kb3 
Ke4 67.Nd1 Nc6 68.Kc2 Na5 69.Kd2 Nc4+ 70.Kc1 d3 71.Nf2+ Ke3 72.Nxd3 Kxd3 
73.Kb1 Kc3 74.Ka2 Nd2 75.Ka1 Kc2 76.Ka2 b3+ 77.Ka3 b2 0-1

[Event "28. Friedensfest-Open (AFRO-A)"]
[Site "Augsburg"]
[Date "2023.08.03"]
[Round "1.38"]
[White "Berlizov, Stanislaw"]
[Black "Rempel, Alexander jun."]
[Result "1-0"]
[WhiteElo "1764"]
[BlackElo "1484"]
[EventDate "2023.08.03"]
[Time "09:30:00"]
[WhiteTeam "SC 1947 Beilngries"]
[BlackTeam "Schachfreunde Augsburg"]

1.d4 Nf6 2.c4 e6 3.Nf3 a6 4.Nc3 Bb4 5.Qc2 d5 6.Bg5 O-O 7.e3 Nbd7 8.cxd5 
exd5 9.Bd3 h6 10.Bh4 c6 11.g4 Qa5 12.g5 Ne4 13.gxh6 Nxc3 14.Bh7+ Kh8 15.
hxg7+ Kxg7 16.Rg1+ Kh8 17.bxc3 Bxc3+ 18.Ke2 f5 19.Bxf5 Ne5 20.Rg8+ Kxg8 
21.Bh7+ Kh8 22.Nxe5 Qb5+ 23.Bd3 Qb2 24.Qxb2 Bxb2 25.Rb1 Ba3 26.Ng6+ Kg7 
27.Nxf8 Kxf8 28.Bf6 Kf7 29.Be5 Be6 30.Rxb7+ Kf8 31.Rb6 Bd7 32.Rxa6 Rxa6 
33.Bxa6 Ke7 34.h4 c5 35.dxc5 Bxc5 36.Bd4 Bd6 37.f4 Kf7 38.Kf3 Kg6 39.Kg3 
Be7 40.Bd3+ Kh5 41.Be2+ Kh6 42.Bg4 Bb5 43.Be6 Bc4 44.a4 Kh5 45.Bf7+ Kh6 
46.e4 Bb3 47.Bxd5 Bxa4 48.f5 Kh5 49.f6 Bf8 50.e5 Kg6 51.e6 Be8 52.Kg4 Bd6 
53.Be4+ Kh6 54.Be3+ 1-0

[Event "28. Friedensfest-Open (AFRO-A)"]
[Site "Augsburg"]
[Date "2023.08.04"]
[Round "4.23"]
[White "Knoll, Georg"]
[Black "Schuetze, Jonas"]
[Result "1/2-1/2"]
[WhiteElo "1958"]
[BlackElo "1821"]
[EventDate "2023.08.03"]
[Time "15:30:00"]
[WhiteTeam "VfL Leipheim 1898"]
[BlackTeam "Schachfreunde Augsburg"]

1.d4 Nf6 2.c4 e6 3.Nf3 d5 4.g3 Bb4+ 5.Bd2 Be7 6.Bg2 O-O 7.O-O dxc4 8.Qc2 
c5 9.dxc5 Bxc5 10.Qxc4 Qe7 11.Ne5 Bd6 12.Nd3 Nbd7 13.a4 e5 14.Nc3 Nb6 15.
Qa2 Be6 16.b3 e4 17.Nf4 Bd7 18.a5 Bxf4 19.gxf4 Nbd5 20.Nxd5 Nxd5 21.a6 Bc6
22.Qc2 Rfe8 23.e3 Rac8 24.axb7 Bxb7 25.Qb2 a6 26.Ra4 Rc6 27.Rxe4 Re6 28.
Rxe6 Qxe6 29.e4 Nc7 30.f5 Qb6 31.Be3 Qb4 32.f3 Rd8 33.Rc1 Nb5 34.Bc5 Qa5 
35.b4 Qc7 36.f6 Qf4 37.Bf2 Rd2 38.Qb1 gxf6 39.Re1 Qd6 40.e5 fxe5 41.Qf5 f6
42.Bc5 Qd8 43.Qe6+ Kg7 44.Be7 Rxg2+ 45.Kxg2 Qd2+ 46.Kh3 Qh6+ 47.Kg2 Bxf3+ 
48.Kf1 Qf4 49.Bxf6+ Qxf6 50.Qxe5 Bd5+ 51.Qxf6+ Kxf6 52.Kf2 Bc4 53.Re8 Nd6 
54.Rh8 Kg7 55.Rb8 Nf7 56.Ke3 Kf6 57.Kf4 h6 58.Rb6+ Ke7 59.Rc6 Bb5 60.Rg6 
Bd3 61.Rb6 Bb5 62.Rg6 Bd3 1/2-1/2

[Event "28. Friedensfest-Open (AFRO-A)"]
[Site "Augsburg"]
[Date "2023.08.05"]
[Round "5.7"]
[White "Stork, Simon"]
[Black "Braun, Kristin"]
[Result "0-1"]
[WhiteElo "2080"]
[BlackElo "1868"]
[EventDate "2023.08.03"]
[Time "09:30:00"]
[WhiteTeam "TSV Langenau"]
[BlackTeam "SC JAEKLECHEMIE Talente Franken"]

1.d4 Nf6 2.c4 g6 3.Nc3 Bg7 4.e4 d6 5.Be2 O-O 6.Be3 e5 7.d5 a5 8.Nf3 Na6 9.
Nd2 Nc5 10.O-O Ne8 11.a3 f5 12.f3 f4 13.Bf2 Qg5 14.Re1 Bh3 15.g3 fxg3 16.
hxg3 Nf6 17.Nf1 Nh5 18.Kh2 Nf4 19.Ne3 Nxe2 20.Qxe2 Qh5 21.Kg1 Rxf3 22.b4 
axb4 23.axb4 Rxa1 24.Rxa1 Na6 25.b5 Nc5 26.Ra8+ Kf7 27.Be1 Bh6 28.Ng2 Nd3 
29.Rb8 Bxg2 30.Kxg2 Nf4+ 31.gxf4 Qg4+ 32.Kh1 Rh3+ 0-1